Siqueiros : el maestro /
Siqueiros fue el último de los tres grandes muralistas mexicanos que falleció –además de ser el más joven y el más longevo- y tras su última excarcelación (1964), acometió el más amibicioso proyecto de su carrera: La marcha de la humanidad (1971), que cubre los muros del Polyforum Cultural Siqueiros...
Salvato in:
| Autore principale: | |
|---|---|
| Altri autori: | , , |
| Natura: | |
| Lingua: | spagnolo |
| Pubblicazione: |
Chicago, EUA :
Encyclopaedia Britannica,
1969, c1969
|
| Soggetti: | |
| Tags: |
MARC
| LEADER | 00000ngm^a2200000^a^4500 | ||
|---|---|---|---|
| 001 | 000318120 | ||
| 005 | 20250521000000.0 | ||
| 009 | 20260310113402.394 | ||
| 037 | |a Acervo ITESO - Biblioteca | ||
| 041 | |a ESP | ||
| 082 | |a 759. 972063 |b SIQ BOR | ||
| 100 | |a Bork, Bert van |e (producción) | ||
| 245 | 1 | 0 | |a Siqueiros : |b el maestro / |c Prod. de B. van Bork. |
| 264 | 4 | |a Chicago, EUA : |b Encyclopaedia Britannica, |c 1969, c1969 | |
| 264 | 2 | |a México : |b Películas EBESA [distribución], |c copyright fecha no identificada | |
| 300 | |a 1 DVD región 4 (13 min.) : |b color | ||
| 336 | |a imagen móvil bidimensional |b tdi |2 rdacontenido | ||
| 337 | |a video |b v |2 rdamedio | ||
| 338 | |a videodisco |b vd |2 rdasoporte | ||
| 500 | |a Traducción de: Siqueiros "el maestro": The March of Humanity in Latin America | ||
| 520 | |a Siqueiros fue el último de los tres grandes muralistas mexicanos que falleció –además de ser el más joven y el más longevo- y tras su última excarcelación (1964), acometió el más amibicioso proyecto de su carrera: La marcha de la humanidad (1971), que cubre los muros del Polyforum Cultural Siqueiros. El presente cortometraje documental de carácter educativo presenta algunos momentos del proceso de Siqueiros para la creación de La marcha de la humanidad, mientras voces fuera de cuadro expresan ideas del pensamiento estético del pintor mexicano. El cortometraje, de origen norteamericano, está lamentablemente doblado en esta presentación en DVD, por lo que es muy probable que la voz fuera de cuadro no sea la de Siqueiros. | ||
| 520 | |a Suplementos y características especiales: ninguna. | ||
| 545 | 0 | |a David Alfaro Siqueiros (1896-1974), uno de los tres grandes muralistas mexicanos de la primera mitad del siglo XX, junto con José Clemente Orozco y Diego Rivera. Abandonó sus estudios en la Academia de San Carlos para unirse al Ejército Constitucionalista, cuyo líder Venustiano Carranza lo apoyó después (1919) para continuar su formación artística en Europa. Recorrió hasta 1944 un agitado itinerario creativo y político, que comprendió –entre otros pasajes- la fundación de la revista Vida Americana (1921) en Barcelona, su participación protagonista en el proyecto artístico impulsado por José Vasconcelos desde la Secretaría de Educación Pública (1921-24), el apoyo a la causa republicana en la Guerra Civil española (1936-39), su atentado contra el revolucionario ruso León Trotski (1940) y varias etapas de exilio y prisión. Militante del Partido Comunista Mexicano (PCM), su expresión artística es explícitamente política y muestra una experimentación formal constante: Retrato de la burguesía (1939), Cuauhtémoc contra el mito (1944), Patricios y patricidas (1946), El hombre, amo y no esclavo de la máquina (1952), Por una seguridad completa y al servicio de todos los mexicanos (1952-54), El pueblo a la universidad, la universidad al pueblo (1952-56), Apología de la futura victoria de la ciencia médica contra el cáncer (1958), Del porfirismo a la Revolución (1960) y La marcha de la humanidad (1971) son algunas de sus obras en la Ciudad de México, mientras en Guadalajara, Jalisco se encuentran las tempranas pinturas del Antiguo Templo de Santo Tomás (1924) y Ejercicio plástico (1933, Buenos Aires) despunta entre sus trabajos en el extranjero, repartidos además en Chile, Cuba y Estados Unidos. Fue galardonado con el Premio Nacional de Ciencias y Artes, categoría Bellas Artes (1966) y por el gobierno de la Unión Soviética con el Premio Lenin de la Paz (1967). | |
| 546 | |a Doblaje al español | ||
| 586 | |a Premio Nacional de Ciencias y Artes, categoría Bellas Artes (17°: 1966): Biografías, crítica e interpretación | ||
| 649 | |a XX | ||
| 650 | |a Pintores Mexicanos | ||
| 650 | |a Artistas Mexicanos | ||
| 650 | |a Documentales | ||
| 650 | |a Cortometrajes y Mediometrajes Norteamericanos | ||
| 650 | |a Cine Norteamericano - |y 1960-1969 | ||
| 650 | |a Cine Norteamericano - |y Siglo XX | ||
| 650 | |a México en el Cine | ||
| 650 | |a Pintura Mural - |z México - |x Historia y Crítica | ||
| 650 | |a Pintura Moderna - |z México - |x Historia y Crítica | ||
| 650 | |a Pintura Mexicana - |x Historia y Crítica | ||
| 650 | |a Arte Moderno - |z México - |x Historia y Crítica | ||
| 650 | |a Arte Mexicano - |x Historia y Crítica | ||
| 650 | |a Creación (Literaria, Artística, etc.) | ||
| 650 | |a Siqueiros - |x Tema Principal | ||
| 700 | |a Allen, Sam |e (guión) | ||
| 700 | |a Bork, Bert van |e (fotógrafo) | ||
| 700 | |a Bäckström, Ulf |e (montaje) | ||
| 910 | |a Fondo General | ||
| 920 | |a Audiovisuales - DVDs | ||
| 940 | |a Películas | ||
| 905 | |a 308 | ||
| 901 | |a DVD0006233 |b IT2 |c DVR |u 20250521 | ||
| 902 | |a https://opac.biblio.iteso.mx/vufind/Record/000318120 | ||